| 000 | 01511cam a2200397 a 4500 | ||
|---|---|---|---|
| 001 | 16252285 | ||
| 003 | OSt | ||
| 005 | 20231205110517.0 | ||
| 008 | 100526s2010 ii 000 0 eng | ||
| 010 | _a 2010318567 | ||
| 020 | _a9788125039181 | ||
| 025 | _aI-E-2010-318567; 61-91 | ||
| 037 | _bLibrary of Congress -- New Delhi Overseas Office | ||
| 040 |
_aDLC _cDLC _dDLC |
||
| 041 | 1 |
_aeng _ahin _hguj |
|
| 042 |
_alcode _apcc |
||
| 043 | _aa-ii--- | ||
| 050 | 0 | 0 |
_aDS480.45 _b.G253 2010 |
| 082 |
_a954.035 _bGAN/M |
||
| 100 | 1 |
_aGandhi, Mahatma _d1869-1948 _cMahatma, _922 |
|
| 240 | 1 | 0 |
_aHinda svarāja. _lEnglish & Hindi |
| 245 | 1 | 0 |
_aM.K. Gandhi's Hind swaraj : _ba critical edition / _cannotated, [translated], and edited by Suresh Sharma and Tridip Suhrud = Hinda svarāja / Mohanadasa Karamacanda Gandhī ; mūla Gujarati pāṭha kā anuvāda Sureśa, Śarmā evaṃ Tridīpa Suhr̥daya. |
| 246 | 3 | 0 | _aHind swaraj |
| 246 | 3 | 1 | _aHinda svarāja |
| 260 |
_aNew Delhi : _bOrient BlackSwan, _c2010. |
||
| 300 |
_axxiv, 102, 83 p. ; _c25 cm. |
||
| 490 | 0 | _aGandhi studies | |
| 546 | _aEnglish and Hindi. | ||
| 650 | 0 |
_aNationalism _zIndia. |
|
| 651 | 0 |
_aIndia _xPolitics and government _y1919-1947. |
|
| 700 | 1 |
_aSharma, Suresh, _d1945- |
|
| 700 | 1 |
_aSuhrud, Tridip, _d1965- |
|
| 906 |
_a7 _bpar _corigode _d3 _encip _f20 _gy-gencatlg |
||
| 942 |
_2ddc _cBK _h954.035 _iGAN/M _k954.035 _mGAN/M |
||
| 999 |
_c43822 _d43822 |
||